000 03078cam a2200409Ii 4500
001 9781315544564
008 180706s2018 enk ob 001 0 eng d
020 _a9781315544564
_q(e-book : PDF)
020 _a9781134833863
_q(e-book: Mobi)
020 _z9781138683334
_q(hardback)
024 _a10.4324/9781315544564
_2doi
035 _a(OCoLC)993687091
040 _aFlBoTFG
_cFlBoTFG
_erda
050 _aK1226
_b.B87 2017
082 _a346.0862
_bB931
100 _aBugÌra, Ayșegul,
_eauthor.
245 _aInsurance law implications of delay in maritime transport /
_cby Ayșegul BugÌra.
250 _aFirst edition.
260 _aAbingdon, Oxon ;
_aNew York :
_bRoutledge,
_c2018.
300 _a1 online resource
336 _atext
_2rdacontent
337 _acomputer
_2rdamedia
338 _aonline resource
_2rdacarrier
490 _aContemporary commercial law
504 _aIncludes bibliographical references.
505 _aIntroduction to delay as a risk and fortuity considerations -- Cargo insurance and delay : physical loss to the subject-matter insured -- Issues arising from delay in delivery of cargo -- Cargo insurance and expenses arising during the period of delay -- Marine delay in start-up insurance -- Freight insurance and the loss of time clause -- Hull and machinery insurance and delay considerations -- Loss of charter hire insurance and loss of time -- Implied condition as to the commencement of risk -- Delay in voyage.
520 _aDelay in a marine adventure is an important and frequent phenomenon of maritime transport as it affects various parties and their interests. Insurance Law Implications of Delay in Maritime Transport is the first single book to deal specifically with this issue in the context of insurance law. The book addresses the losses and expenses that may arise from delay or loss of time in maritime transport, the types of insurance available covering or excluding losses arising from it and the impact of delay on voyage policies. The author, Aysegül Bugra, critically examines and evaluates the scope of several different types of marine insurance policies, including but not limited to: hull and machinery, cargo, freight, loss of hire and marine delay in start-up insurance. Furthermore, the book analyses the current law by tracing back the relevant common law authorities to the 18th century and examines the wordings used in practice from that time to today with a comprehensive and critical approach. This unique text will be of great interest to legal practitioners, shipping professionals and academics alike.
650 _aMarine insurance
_xLaw and legislation.
650 _aMarine insurance policies.
650 _aMarine insurance claims.
650 _aLiability for marine accidents.
650 _aFreight and freightage.
650 _aContracts, Maritime.
776 _iPrint version:
_z9781138683334
830 _aContemporary commercial law (Series) (Informa (Firm). Informa Law)
856 _uhttps://www.taylorfrancis.com/books/9781134833726
_zClick here to view.
999 _c12709
_d12709